000 00434nam a2200181Ia 4500
001 19794
005 20260306172719.0
008 260306t1979||||xx |||||||||||||| ||spa||
041 _aESP
082 _a341.1
_bH62T
100 _aHobbes, Thomas,
_eAUT
245 0 _aElementos de derecho natural y político
260 _c1979
300 _a432 páginas :
_c18 cm.
650 _aGEN
654 _aCDE
942 _cLIB
_dJUS
_fJUS
_2ddc
_n
999 _c19794
_d19794